000 00957nac a22002657a 4500
001 BR8402228
003 BR-BrBNA
005 20240105120012.0
008 230509b bl.|||m| |||| 00| 0 por d
040 _aBR-BrBNA
_bpor
_cBiblioteca Nacional de Agricultura
072 _aE10
090 _aE10 BR8402228
110 1 _aSecretaria de Planejamento da Presidencia da Republica, Brasilia, DF (Brasil). Secretaria de Controle de Empresas Estatais
_99013
245 1 _aRelatorio anual 1983 [Secretaria de Controle de Empresas Estatais, Brasil]
260 3 _aBrasilia, DF (Brasil):
_c1984.
300 _a139 p.
490 _aRelatorio - Secretaria de Planejamento da Presidencia da Republica. Secretaria de Controle de Empresas Estatais (Brazil)
_v
_x
500 _a40 tables
650 _aEMPRESA PUBLICA
650 _aORCAMENTO
650 _aDESPESA
650 _aRECEITA
909 _a202312
_bLúcia Elande
_c55
_dLúcia Elande
942 _2AGRIS
_n0
_cMS
999 _c277460
_d277460